All about Fall Out Boy - Statistics

General Stats
  • This quiz has been taken 753 times
  • The average score is 17 of 25
Answer Stats
Hint Answer % Correct
Lead Vocalist Patrick Stump
98%
Bassist Pete Wentz
97%
"Some legends are told. Some turn to dust or to gold." Centuries
89%
First album released post hiatus Save Rock and Roll
89%
One of their most famous songs; video featured a guy with antlers Sugar We're Goin Down
89%
Song featured on the Big Hero 6 soundtrack Immortals
88%
Drummer Andy Hurley
85%
Lead Guitarist Joe Trohman
85%
"'He tastes like you, only sweeter.'" Thnks fr th mmrs
85%
The title of this album means "madness shared by two" Folie a Deux
80%
Arguably their most popular and well-known pre-hiatus album From Under the Cork Tree
79%
Track featuring Courtney Love Rat a Tat
79%
"Why don't you show me a little bit of spine you've been saving for his mattress?" Dance Dance
78%
Generally treated as their "real" first album Take This To Your Grave
77%
"I've got troubled thoughts and self-esteem to match..." What a Catch, Donnie
76%
Name of series composed of music videos for every song from that album The Youngblood Chronicles
74%
"My heart is like a stallion. They love it more when it's broken." Alone Together
66%
The music video for this track was somewhat long and featured several well-known musicians as vampires A Little Less Sixteen Candles A Little More Touch Me
60%
Very first album Evening Out With Your Girlfriend
55%
"Last year's wishes are this year's apologies..." I'm Like a Lawyer with the Way I'm Always Trying to Get You off (Me and You)
52%
"I read about the afterlife, but I never really lived." Saturday
43%
"Trade baby blues for wide eyed browns..." GINASFS
38%
"I can be your John Cusack." Honorable Mention
15%
Track featuring Debbie Harry of Blondie West Coast Smoker
14%
Track featuring Justin Pierre of Motion City Soundtrack Chicago is so Two Years Ago
13%
No matching quizzes found
Score Distribution
Percent of People with Each Score
Percentile by Number Answered
Your Score History
You have not taken this quiz